000 00683nam a2200205 a 4500
001 BRCA_1021
005 20190320203239.0
008 111105s2001----ne-a######---#000-0#eng-d
020 _a0902752553
041 _aeng
050 4 _aN1315.B8
_b.B87 2001
245 1 0 _aThe Burrell Collection
_cwith an introduction by John Julius Norwich.
260 _a[Escocia]
_bHarper Collins : Glasgow Museums
_c2001
300 _a160 p.
_bil. (algunas a color)
_c27 cm.
500 _aIncluye índice general
600 1 4 _aBurrell, William
_cSir
_d1861-1958
_xColecciones de arte
_93359
650 1 4 _aArte
_xColecciones privadas
_zEscocia
_93360
700 1 _aNorwich, John Julius
_93361
942 _2lcc
_cB
999 _c901
_d901